The calling #2 / Kelley Armstrong.
Available copies
- 1 of 1 copy available at LARL/NWRL Consortium.
Current holds
0 current holds with 1 total copy.
Show Only Available Copies
| Location | Call Number / Copy Notes | Barcode | Shelving Location | Status | Due Date |
|---|---|---|---|---|---|
| Roseau Public Library | ya ARM (Text) | 35500005121981 | Main | Available | - |
Record details
- ISBN: 9780061797057 (tr. bdg.)
- ISBN: 0061797057 (tr. bdg.)
- ISBN: 9780061797071 (pb. bdg.)
- ISBN: 0061797073 (pb. bdg.)
- Physical Description: p. cm.
- Edition: 1st ed.
- Publisher: New York : Harper, 2012.
Content descriptions
| Summary, etc.: | Maya and her friends--all of whom have ... Read More |
Search for related items by subject
| Subject: | Supernatural > Fiction. Shapeshifting > Fiction. Survival > Fiction. Wilderness areas > Fiction. Vancouver Island (B.C.) > Fiction. Canada > Fiction. |
Search for related items by series
| LDR | 02027cam a22004818a 4500 | ||
|---|---|---|---|
| 001 | 139864 | ||
| 003 | LARL_NWRL_CONSORTIUM | ||
| 005 | 20120308090702.0 | ||
| 008 | 110819s2012 nyu d 000 1 eng | ||
| 010 | . | ‡a2011024391 | |
| 020 | . | ‡a9780061797057 (tr. bdg.) | |
| 020 | . | ‡a0061797057 (tr. bdg.) | |
| 020 | . | ‡a9780061797071 (pb. bdg.) | |
| 020 | . | ‡a0061797073 (pb. bdg.) | |
| 035 | . | ‡a(OCoLC)730414240 | |
| 040 | . | ‡aDLC ‡cDLC ‡dBTCTA ‡dUPZ ‡dBDX | |
| 042 | . | ‡alcac ‡apcc | |
| 043 | . | ‡an-cn--- | |
| 050 | 0 | 0. | ‡aPZ7.A73369 ‡bCal 2012 |
| 082 | 0 | 0. | ‡a[Fic] ‡223 |
| 100 | 1 | . | ‡aArmstrong, Kelley. ‡0(LARL_NWRL_CONSORTIUM)179473 |
| 245 | 1 | 4. | ‡aThe calling ‡n#2 / ‡cKelley Armstrong. |
| 250 | . | ‡a1st ed. | |
| 260 | . | ‡aNew York : ‡bHarper, ‡c2012. | |
| 300 | . | ‡ap. ‡ccm. | |
| 490 | 0 | . | ‡aDarkness rising ; ‡vbk. 2 |
| 520 | . | ‡aMaya and her friends--all of whom have supernatural powers--have been kidnapped after fleeing from a forest fire they suspect was deliberately set, and after a terrifying helicopter crash they find themselves pursued by evil-doers in the Vancouver Island wilderness. | |
| 650 | 1. | ‡aSupernatural ‡vFiction. ‡0(LARL_NWRL_CONSORTIUM)167353 | |
| 650 | 1. | ‡aShapeshifting ‡vFiction. | |
| 650 | 1. | ‡aSurvival ‡vFiction. | |
| 650 | 1. | ‡aWilderness areas ‡vFiction. ‡0(LARL_NWRL_CONSORTIUM)167977 | |
| 651 | 1. | ‡aVancouver Island (B.C.) ‡vFiction. | |
| 651 | 1. | ‡aCanada ‡vFiction. ‡0(LARL_NWRL_CONSORTIUM)163174 | |
| 948 | . | ‡hNO HOLDINGS IN LAL - 43 OTHER HOLDINGS | |
| 994 | . | ‡aZ0 ‡bLAL | |
| 901 | . | ‡a139864 ‡bOCLC ‡c139864 ‡tbiblio | |

Add to basket
Permalink
Disable Highlighting